000 00614nam a2200205Ia 4500
005 20250508162703.0
008 008 250505s9999 xx 000 0 eng d
020 _a0-13-732587-8
037 _aTextual
040 _aFEDL
_beng
_cFEDL
041 _aeng
_2eng
084 _a153.93, MUR
_qFEDL
100 _aMurphy Kevin R.
245 0 _aPsychological testing principles and applications
260 _aEnglewood Cliffs, New Jersey, USA
_bPrentice - Hall
_c1988
300 _axiii,434p.
700 _a Davidshofer Charles O.
_9773811
942 _cTEXL
_h153.93, MUR
999 _c1378057
_d1378057